| 000 | 00344nam a2200133Ia 4500 | ||
|---|---|---|---|
| 005 | 20260328101504.0 | ||
| 008 | 260328s9999||||xx |||||||||||||| ||und|| | ||
| 100 | _aZwarts, Kim | ||
| 245 | 0 |
_aLuis Barragán : _b Temas y variaciones / _cKim Zwarts |
|
| 260 | _bAmerico Arte Editores | ||
| 300 | _a203 p. | ||
| 650 | _aBarragán, Luis | ||
| 942 | _cBK | ||
| 999 |
_c8985 _d8985 |
||